000
00279nam a22001217a 4500
999
_c
11217
_d
11217
008
181012b ||||| |||| 00| 0 eng d
020
_a
818992804X
100
_a
SHARMA.R.D
_9
6971
245
_a
MATHEMATICS-VIII
300
_a
BOOK
760
_b
MATHEMATICS-VIII
942
_2
ddc
_c
BK